| 000 | 00754nam a2200217 a 4500 | ||
|---|---|---|---|
| 999 |
_c1862 _d1862 |
||
| 001 | 1862 | ||
| 003 | BD-JhCC | ||
| 005 | 20171028121107.0 | ||
| 008 | 171025s bg a|||| || | 001 0 ben d | ||
| 035 | _a(BD-JhCC)1862 | ||
| 040 |
_aBD-JhCC _dBD-JhCC |
||
| 041 | _aben | ||
| 082 |
_a954.9205 _bMUK |
||
| 245 |
_aমুক্তিযুদ্ধের রক্তিম স্মৃতি / _cগণপ্রজান্ত্রী বাংলাদেশ সরকার |
||
| 260 |
_aঢাকা : _bফাইন আর্ট প্রেস, |
||
| 300 |
_a272 p. : _c28 cm. |
||
| 650 | _aHistory Of Bangladesh | ||
| 710 | _aগণপ্রজান্ত্রী বাংলাদেশ সরকার | ||
| 942 |
_2ddc _cBK |
||